000 00777nam a2200229Ii 4500
003 JO-AjNU
008 230605s9999||||xx |||||||||||||| ||und||
017 _a2007/5/1392
020 _a978-9957-463-48-9
040 _aJO-AjNU
_bara
_erda
_cJO-AjNU
041 _aara
050 1 4 _aHD37.A7.A36.2007
100 3 _aاحمد،محمد حسن,
_eauthor
_921978
245 0 0 _aادارة التخطيط والتنظيم=Planning and arrangement management
250 _aط1
264 3 1 _aعمان:دار كنوز المعرفة العلمية،2007
300 _a158ص
336 _atext
_btxt
_2rdacontent
337 _aunmediated
_bn
_2rdamedia
338 _avolume
_bnc
_2rdacarrier
650 4 _aالادارة التنفيذية-التخطيط الاستراتيجي
_921979
999 _aA7725
_c11293
_d11293